[Event "FIN-chT 1920"]
[Site "Finland"]
[Date "2019.11.24"]
[Round "6.3"]
[White "Sipila, Vilka"]
[Black "Vakeva, Jani"]
[Result "1-0"]
[WhiteElo "2407"]
[BlackElo "2188"]
[PlyCount "83"]
[EventDate "2019.09.14"]
[EventType "team-tourn"]
[EventRounds "11"]
[EventCountry "FIN"]
[SourceTitle "CBM 194 Extra"]
[Source "ChessBase"]
[SourceDate "2020.03.31"]
[SourceVersion "1"]
[SourceVersionDate "2020.03.31"]
[SourceQuality "1"]
[WhiteTeam "Turku TuTS"]
[BlackTeam "Kotka KymS"]
[WhiteTeamCountry "FIN"]
[BlackTeamCountry "FIN"]

1. f4 d5 2. Nf3 Nf6 3. g3 c5 4. Bg2 Nc6 5. 0-0 e6 6. d3 Be7 7. Nc3 d4 8. Nb1 0-0 9. Na3 Nd5 10. Nc4 b5 11. Nce5 Nxe5 12. Nxe5 Bb7 13. e4 Nb6 14. g4 c4 15. g5 cxd3 16. cxd3 f6 17. gxf6 gxf6 18. Qg4+ Kh8 19. Ng6+ hxg6 20. Qxg6 f5 21. Rf3 Bh4 22. Rh3 Qf6 23. Qxf6+ Rxf6 24. Rxh4+ Kg7 25. b3 Rh6 26. Rxh6 Kxh6 27. Bb2 Rg8 28. Kf2 fxe4 29. Bxe4 Bxe4 30. dxe4 Rf8 31. Kg3 d3 32. Rd1 Rd8 33. Kf2 Kh5 34. Ke3 Kg4 35. Bd4 Kh3 36. Rxd3 Nc8 37. Bc5 Re8 38. Rd7 Kxh2 39. Kf3 Rh8 40. Rd2+ Kh1 41. Rd1+ Kh2 42. Bg1+ 1-0

[Event "FIN-chT 1920"]
[Site "Finland"]
[Date "2019.10.20"]
[Round "4.3"]
[White "Maki Uuro, Miika"]
[Black "Vakeva, Jani"]
[Result "1/2-1/2"]
[WhiteElo "2332"]
[BlackElo "2188"]
[PlyCount "54"]
[EventDate "2019.09.14"]
[EventType "team-tourn"]
[EventRounds "11"]
[EventCountry "FIN"]
[SourceTitle "CBM 192 Extra"]
[Source "Chessbase"]
[SourceDate "2019.11.06"]
[SourceVersion "1"]
[SourceVersionDate "2019.11.06"]
[SourceQuality "1"]
[WhiteTeam "Helsinki Ninja"]
[BlackTeam "Kotka KymS"]
[WhiteTeamCountry "FIN"]
[BlackTeamCountry "FIN"]

1. d4 d5 2. c4 c6 3. cxd5 cxd5 4. Bg5 h6 5. Bh4 Qb6 6. Nc3 e6 7. Rb1 Ne7 8. e3 Nf5 9. Bg3 Nxg3 10. hxg3 Nc6 11. Nf3 Bd7 12. a3 Rc8 13. Bd3 Be7 14. 0-0 0-0 15. Qe2 Na5 16. e4 dxe4 17. Qxe4 g6 18. Ne5 Be8 19. d5 Bf6 20. Rfe1 Nb3 21. Nc4 Qd8 22. dxe6 Nc5 23. e7 Bxe7 24. Qxe7 Nxd3 25. Nd6 Nxe1 26. Nxc8 Qxc8 27. Rxe1 Bc6 1/2-1/2

[Event "FIN-chT 1819"]
[Site "Finland"]
[Date "2018.11.11"]
[Round "4.4"]
[White "Nyysti, Sampsa"]
[Black "Vakeva, Jani"]
[Result "1/2-1/2"]
[WhiteElo "2307"]
[BlackElo "2161"]
[PlyCount "64"]
[EventDate "2018.09.15"]
[EventType "team-tourn"]
[EventRounds "11"]
[EventCountry "FIN"]
[SourceTitle "CBM 187 Extra"]
[Source "ChessBase"]
[SourceDate "2018.11.04"]
[SourceVersion "1"]
[SourceVersionDate "2018.11.04"]
[SourceQuality "1"]
[WhiteTeam "Helsinki Comeon"]
[BlackTeam "Kotka KymS"]
[WhiteTeamCountry "FIN"]
[BlackTeamCountry "FIN"]

1. e4 c5 2. Nc3 Nc6 3. Nge2 e5 4. Ng3 g6 5. Bc4 Bg7 6. d3 Nge7 7. h4 d6 8. h5 Nd4 9. Nd5 Nxd5 10. Bxd5 Qe7 11. c3 Ne6 12. Qa4+ Bd7 13. Qb3 Rb8 14. a4 0-0 15. Be3 Nf4 16. Bxf4 exf4 17. Ne2 Qg5 18. Rh2 b5 19. axb5 Rxb5 20. Qa2 f3 21. gxf3 Be5 22. Rh1 Qf6 23. f4 Bxf4 24. Rg1 Bh6 25. Rg3 Rfb8 26. Rb1 Kg7 27. Qxa7 Be6 28. Bxe6 Qxe6 29. hxg6 hxg6 30. b4 Qe5 31. Rf3 R5b7 32. Qa2 Qh5 1/2-1/2

[Event "FIN-chT 1718"]
[Site "Finland"]
[Date "2018.03.09"]
[Round "9.4"]
[White "Pohjala, Henri"]
[Black "Vakeva, Jani"]
[Result "1-0"]
[WhiteElo "2387"]
[BlackElo "2172"]
[PlyCount "69"]
[EventDate "2017.09.16"]
[EventType "team-tourn"]
[EventRounds "11"]
[EventCountry "FIN"]
[SourceTitle "EXT 2019"]
[Source "ChessBase"]
[SourceDate "2018.10.10"]
[SourceVersion "1"]
[SourceVersionDate "2018.10.10"]
[SourceQuality "1"]
[WhiteTeam "Tampere Tammer"]
[BlackTeam "Kotka KymS"]
[WhiteTeamCountry "FIN"]
[BlackTeamCountry "FIN"]

1. d4 d5 2. Bf4 Nf6 3. e3 e6 4. Nd2 c5 5. c3 Bd6 6. Bxd6 Qxd6 7. f4 0-0 8. Bd3 b6 9. Qf3 Ba6 10. Bc2 Nbd7 11. Nh3 Rab8 12. Nf2 Rfc8 13. g4 b5 14. a3 Qc6 15. Bd3 Rb6 16. b4 cxd4 17. cxd4 Ne8 18. 0-0 Nd6 19. Nb3 Nc4 20. Ra2 Bb7 21. Qh3 Nf8 22. g5 Rc7 23. Ng4 Qd6 24. Nc5 Bc8 25. Rg2 Ng6 26. Qg3 Nxa3 27. h4 Nc4 28. h5 Nf8 29. Nf6+ Kh8 30. Ne8 Qe7 31. Nxc7 Qxc7 32. f5 Rd6 33. f6 g6 34. hxg6 Nxg6 35. Bxg6 1-0

[Event "FIN-chT1 East 1314"]
[Site "Finland"]
[Date "2013.11.03"]
[Round "4.4"]
[White "Hagelberg, Lauri"]
[Black "Vakeva, Jani"]
[Result "1/2-1/2"]
[WhiteElo "1954"]
[BlackElo "2174"]
[PlyCount "48"]
[EventDate "2013.09.21"]
[EventType "team-tourn"]
[EventRounds "9"]
[EventCountry "FIN"]
[SourceTitle "EXT 2022"]
[Source "ChessBase"]
[SourceDate "2021.10.06"]
[SourceVersion "1"]
[SourceVersionDate "2021.10.06"]
[SourceQuality "1"]
[WhiteTeam "Lahti S"]
[BlackTeam "Kotka KymS"]
[WhiteTeamCountry "FIN"]
[BlackTeamCountry "FIN"]

1. d4 d5 2. c4 c6 3. Nf3 Nf6 4. Nc3 e6 5. e3 Nbd7 6. Qc2 a6 7. b3 Bd6 8. Bd3 0-0 9. 0-0 e5 10. dxe5 Nxe5 11. Nxe5 Bxe5 12. h3 b5 13. Bb2 Qe7 14. cxd5 cxd5 15. Ne2 Bb7 16. Bd4 Bxd4 17. Nxd4 Rac8 18. Qb2 Rc7 19. Rac1 Rfc8 20. Bf5 Rxc1 21. Rxc1 Rc5 22. Rc2 Qc7 23. Qc1 Rxc2 24. Qxc2 Qxc2 1/2-1/2

[Event "FIN-chT1B 0708"]
[Site "Finland"]
[Date "2007.09.15"]
[Round "1.2"]
[White "Vakeva, Jani"]
[Black "Hallenberg, Sami"]
[Result "1/2-1/2"]
[WhiteElo "2186"]
[BlackElo "2154"]
[PlyCount "101"]
[EventDate "2007.09.15"]
[EventType "team-tourn"]
[EventRounds "7"]
[EventCountry "FIN"]
[SourceTitle "EXT 2009"]
[Source "ChessBase"]
[SourceDate "2008.11.26"]
[SourceVersion "1"]
[SourceVersionDate "2008.11.26"]
[SourceQuality "1"]
[WhiteTeam "Kuusankoski PoKS"]
[BlackTeam "Vantaa EtVaS II"]
[WhiteTeamCountry "FIN"]
[BlackTeamCountry "FIN"]

1. d4 Nf6 2. c4 g6 3. Nc3 Bg7 4. e4 d6 5. f3 0-0 6. Be3 e5 7. d5 Nh5 8. Qd2 f5 9. Nge2 Nd7 10. 0-0-0 a6 11. Kb1 Ndf6 12. exf5 gxf5 13. h3 f4 14. Bf2 Bf5+ 15. Ka1 b5 16. g4 fxg3 17. Nxg3 Nxg3 18. Bxg3 b4 19. Ne2 Qd7 20. Qxb4 Rab8 21. Qa3 e4 22. Nd4 exf3 23. Bd3 Ne4 24. Bxe4 Bxe4 25. Bf2 Bg6 26. h4 h5 27. Rhg1 Kh7 28. Rg3 Be5 29. Rg5 Rf6 30. Qxa6 Rb4 31. Qa3 Rxc4 32. Nxf3 Bf4 33. Bd4 Ra4 34. Qb3 Rf8 35. Rgg1 Rb8 36. Qc3 Rxa2+ 37. Kxa2 Ra8+ 38. Qa3 Rxa3+ 39. bxa3 Qb5 40. Bb2 Qe2 41. Ng5+ Kh6 42. Rge1 Qc4+ 43. Ka1 Qb3 44. Rc1 Bxc1 45. Rxc1 Bd3 46. Rxc7 Bc4 47. Nf7+ Kg6 48. Nh8+ Kf5 49. Rf7+ Ke4 50. Kb1 Bxd5 51. Rc7 1/2-1/2

[Event "FIN-ch"]
[Site "Lahti"]
[Date "2005.06.22"]
[Round "9"]
[White "Maki Uuro, Miika"]
[Black "Vakeva, Jani"]
[Result "1-0"]
[WhiteElo "2398"]
[BlackElo "2167"]
[PlyCount "86"]
[EventDate "2005.06.14"]
[EventType "swiss"]
[EventRounds "9"]
[EventCountry "FIN"]
[SourceTitle "EXT 2007"]
[Source "ChessBase"]
[SourceDate "2006.11.23"]
[SourceVersion "1"]
[SourceVersionDate "2006.11.23"]
[SourceQuality "1"]

1. Nf3 Nf6 2. d4 g6 3. Nc3 d5 4. Bf4 Bg7 5. e3 0-0 6. Be2 b6 7. Ne5 Bb7 8. h4 c5 9. h5 Nbd7 10. hxg6 hxg6 11. Bg4 Nxe5 12. dxe5 Ne4 13. Qf3 f5 14. exf6 Rxf6 15. Nxe4 dxe4 16. Qg3 Bc8 17. Be5 Rc6 18. Bxg7 Kxg7 19. Qe5+ Rf6 20. Rd1 Qe8 21. Bxc8 Rxc8 22. Qxe4 Rd8 23. Rxd8 Qxd8 24. Qe5 Qd6 25. Qxd6 exd6 26. c4 Rf7 27. Ke2 Kf6 28. Rh8 Rb7 29. a4 Ke6 30. Kd3 d5 31. cxd5+ Kxd5 32. Rh6 Rf7 33. f3 Rf6 34. e4+ Kc6 35. e5 Re6 36. Ke4 a6 37. Rh8 Re7 38. Rc8+ Kb7 39. Rg8 Rd7 40. e6 Rd2 41. Ke3 Rd1 42. Ke2 Rd5 43. f4 Kc7 1-0

[Event "FIN-ch"]
[Site "Lahti"]
[Date "2005.06.18"]
[Round "5"]
[White "Luukkonen, Tommi"]
[Black "Vakeva, Jani"]
[Result "1/2-1/2"]
[WhiteElo "2252"]
[BlackElo "2167"]
[PlyCount "102"]
[EventDate "2005.06.14"]
[EventType "swiss"]
[EventRounds "9"]
[EventCountry "FIN"]
[SourceTitle "EXT 2007"]
[Source "ChessBase"]
[SourceDate "2006.11.23"]
[SourceVersion "1"]
[SourceVersionDate "2006.11.23"]
[SourceQuality "1"]

1. e4 c5 2. Nf3 e6 3. d4 cxd4 4. Nxd4 a6 5. Bd3 Bc5 6. Nb3 Ba7 7. Qe2 d6 8. N1d2 Ne7 9. f4 Ng6 10. Nf3 0-0 11. h4 e5 12. f5 Nf4 13. Bxf4 exf4 14. 0-0-0 Nc6 15. Bc4 Qf6 16. Kb1 b5 17. Bd5 Bb7 18. h5 Kh8 19. Rh4 Ne5 20. Bxb7 Rab8 21. h6 g5 22. Rh5 Rxb7 23. Nxe5 dxe5 24. Rd5 Rbb8 25. Nd2 Rbe8 26. Nf3 g4 27. Nh2 g3 28. Ng4 Qb6 29. f6 Bb8 30. a3 Rg8 31. Qf3 Qg1+ 32. Ka2 Qc1 33. c3 b4 34. axb4 Qc2 35. Nxe5 Bxe5 36. Rhxe5 Rxe5 37. Rxe5 Qf2 38. Qh5 Qc2 39. Ra5 Qxe4 40. Qxf7 f3 41. Rc5 Qg6 42. Qe6 f2 43. Rf5 Qxh6 44. Qd5 Rf8 45. f7 Qg6 46. c4 h6 47. Qd4+ Kh7 48. Rf6 Rxf7 49. Rxg6 Kxg6 50. Qd3+ Kh5 51. Qd5+ Kg6 1/2-1/2

[Event "Vantaa We EtVaS EtVaS 30"]
[Site "Vantaa"]
[Date "2004.04.17"]
[Round "3"]
[White "Vakeva, Jani"]
[Black "Hynninen, Juha"]
[Result "1-0"]
[WhiteElo "2167"]
[BlackElo "2030"]
[PlyCount "77"]
[EventDate "2004.04.17"]
[EventType "swiss"]
[EventRounds "5"]
[EventCountry "FIN"]
[SourceTitle "EXT 2022"]
[Source "ChessBase"]
[SourceDate "2021.10.06"]
[SourceVersion "1"]
[SourceVersionDate "2021.10.06"]
[SourceQuality "1"]

1. d4 Nf6 2. c4 g6 3. Nc3 d5 4. cxd5 Nxd5 5. e4 Nxc3 6. bxc3 Bg7 7. Bc4 c5 8. Ne2 0-0 9. 0-0 Nc6 10. Be3 Bg4 11. f3 Na5 12. Bd3 cxd4 13. cxd4 Be6 14. Rc1 Bxa2 15. Qa4 Bb3 16. Qb4 b6 17. Bg5 f6 18. Be3 Bf7 19. Ba6 Qd6 20. Qxd6 exd6 21. Rc7 d5 22. Bd2 Nc4 23. Bb4 Rfe8 24. Ra1 Bf8 25. Bxf8 Kxf8 26. Bb7 a5 27. Bxa8 Rxa8 28. exd5 Bxd5 29. Nf4 Bf7 30. d5 b5 31. Ne6+ Kg8 32. Rb7 b4 33. Rxb4 Ne3 34. Rb5 a4 35. Rab1 Re8 36. Nc7 Rf8 37. Ra1 Rc8 38. d6 Bb3 39. Re1 1-0

[Event "FIN-chT1B 0304"]
[Site "Finland"]
[Date "2003.11.15"]
[Round "2.1"]
[White "Vakeva, Jani"]
[Black "Oim, Tonu O"]
[Result "1/2-1/2"]
[WhiteElo "2140"]
[BlackElo "2575"]
[PlyCount "39"]
[EventDate "2003.09.??"]
[EventType "team-tourn"]
[EventRounds "7"]
[EventCountry "FIN"]
[SourceTitle "EXT 2022"]
[Source "ChessBase"]
[SourceDate "2021.10.06"]
[SourceVersion "1"]
[SourceVersionDate "2021.10.06"]
[SourceQuality "1"]
[WhiteTeam "Kuusankoski POKS"]
[BlackTeam "Hyvinkaa SK"]
[WhiteTeamCountry "FIN"]
[BlackTeamCountry "FIN"]

1. d4 d5 2. c4 c6 3. Nf3 Nf6 4. e3 Bf5 5. Nc3 e6 6. Be2 dxc4 7. Bxc4 Nbd7 8. 0-0 Bd6 9. Qe2 Bg4 10. h3 Bh5 11. e4 e5 12. g4 Nxg4 13. hxg4 Bxg4 14. Qe3 exd4 15. Nxd4 Ne5 16. Be2 Qh4 17. f4 Bc5 18. fxe5 Bxd4 19. Qxd4 Qg3+ 20. Kh1 1/2-1/2

[Event "FIN-chT 0102"]
[Site "Finland"]
[Date "2001.11.17"]
[Round "4.6"]
[White "Nouro, Mikael"]
[Black "Vakeva, Jani"]
[Result "1-0"]
[WhiteElo "2385"]
[BlackElo "2128"]
[PlyCount "81"]
[EventDate "2001.09.21"]
[EventType "team-tourn"]
[EventRounds "9"]
[EventCountry "FIN"]
[SourceTitle "EXT 2022"]
[Source "ChessBase"]
[SourceDate "2021.10.06"]
[SourceVersion "1"]
[SourceVersionDate "2021.10.06"]
[SourceQuality "1"]
[WhiteTeam "Helsinki Garde"]
[BlackTeam "Vantaa EtVaS"]
[WhiteTeamCountry "FIN"]
[BlackTeamCountry "FIN"]

1. e4 d6 2. d4 Nf6 3. Nc3 g6 4. g3 Bg7 5. Bg2 0-0 6. Nge2 c6 7. 0-0 e5 8. h3 Na6 9. Re1 Qa5 10. Be3 Be6 11. a3 Rfd8 12. b4 Qc7 13. d5 cxd5 14. exd5 Bd7 15. Rc1 b5 16. Nb1 Rac8 17. c4 bxc4 18. Nd2 Qb8 19. Nxc4 Bb5 20. Na5 Rxc1 21. Qxc1 Rc8 22. Qd2 Nc7 23. Nc3 Bd7 24. Rb1 Na8 25. b5 Qc7 26. Nc6 Bxc6 27. bxc6 a6 28. Qb2 Ne8 29. Qb7 f5 30. Qxa6 f4 31. Ba7 Qd8 32. Qxc8 Qxc8 33. Rb8 Qxb8 34. Bxb8 Nb6 35. a4 Kf7 36. a5 Na8 37. Nb5 Ke7 38. h4 fxg3 39. fxg3 Bh6 40. c7 Be3+ 41. Kf1 1-0

[Event "FIN-chT 0102"]
[Site "Finland"]
[Date "2001.10.20"]
[Round "2.7"]
[White "Salimaki, Janne"]
[Black "Vakeva, Jani"]
[Result "1-0"]
[WhiteElo "2218"]
[BlackElo "2128"]
[PlyCount "122"]
[EventDate "2001.09.21"]
[EventType "team-tourn"]
[EventRounds "9"]
[EventCountry "FIN"]
[SourceTitle "EXT 2022"]
[Source "ChessBase"]
[SourceDate "2021.10.06"]
[SourceVersion "1"]
[SourceVersionDate "2021.10.06"]
[SourceQuality "1"]
[WhiteTeam "Espoo MatSK"]
[BlackTeam "Vantaa EtVaS"]
[WhiteTeamCountry "FIN"]
[BlackTeamCountry "FIN"]

1. e4 c5 2. Nc3 Nc6 3. f4 g6 4. Nf3 Bg7 5. Bb5 Nd4 6. Bd3 d6 7. Nxd4 Bxd4 8. Ne2 Bg7 9. 0-0 Nf6 10. Bb5+ Bd7 11. Bxd7+ Qxd7 12. d3 0-0 13. Kh1 b5 14. f5 c4 15. Bg5 Qb7 16. Nf4 cxd3 17. cxd3 Rac8 18. fxg6 hxg6 19. Qb3 Nh7 20. Bxe7 Qxe7 21. Nxg6 Qd7 22. Nxf8 Nxf8 23. Rf5 Rc5 24. Raf1 Ne6 25. Rxc5 dxc5 26. Qd5 Qc7 27. b3 Nf4 28. Qa8+ Kh7 29. Qe8 Nxd3 30. Rxf7 Qd6 31. Qd7 Nf2+ 32. Kg1 Qxd7 33. Rxd7 Nxe4 34. Rxa7 b4 35. Kf1 Kg6 36. Ke2 Bd4 37. Ra6+ Kg5 38. Kd3 Nc3 39. a3 bxa3 40. Rxa3 Nd5 41. Ra8 Bg1 42. h3 Bf2 43. Rg8+ Kh6 44. Ke2 Bd4 45. Kf3 Ne7 46. Rd8 Bg7 47. g4 Kg6 48. h4 Bc3 49. Kf4 Bb2 50. h5+ Kf7 51. g5 Bc1+ 52. Kg4 Be3 53. g6+ Nxg6 54. hxg6+ Kxg6 55. Rf8 Bd4 56. Kf3 Kg7 57. Rf4 Be5 58. Rf5 Bd4 59. Ke4 Kg6 60. Rf3 Bf6 61. Kd5 Be7 1-0